Normal view
MARC view
- Xen Dr Noor Ul Amin
Entry Personal Name
001 - CONTROL NUMBER
- control field: 47703
003 - CONTROL NUMBER IDENTIFIER
- control field: NUST
005 - DATE AND TIME OF LATEST TRANSACTION
- control field: 20210314133904.0
008 - FIXED-LENGTH DATA ELEMENTS
- fixed length control field: 210314|| aca||aabn | a|a d
040 ## - CATALOGING SOURCE
- Original cataloging agency: NUST
- Transcribing agency: NUST
100 ## - HEADING--PERSONAL NAME
- Personal name: Xen Dr Noor Ul Amin
670 ## - SOURCE DATA FOUND
- Source citation: Work cat.: (NUST): Muhammad Arif 29832, Soil investigation report and design of foundation for overhead water tank, 2000
